| 000 | 01074nam0a22002771 4500 | ||
|---|---|---|---|
| 001 | rc\4393959 | ||
| 005 | 20130416150110.8 | ||
| 021 |
_aRU _b[61-33658] |
||
| 035 | _a(NLR Aleph) 008554951 | ||
| 090 |
_a8429780 _c8429780 |
||
| 100 | _a20130416d1961 |||y0rusy50 ca | ||
| 101 | 0 | _arus | |
| 102 | _aRU | ||
| 105 | _ay z ||||| | ||
| 200 | 1 |
_aИдейное и политическое банкротство современного ревизионизма _fВсесоюз. о-во по распространению полит. и науч. знаний |
|
| 210 |
_aМосква _cЗнание _d1961 |
||
| 215 |
_a32 с. _d22 |
||
| 225 | 1 | _aВ помощь лектору | |
| 300 | _aПеред загл. авт.: д-р экон. наук И.Н. Дворкин | ||
| 606 |
_aРевизионизм _jМатериалы для докладов, лекций и т. п. _2psbo |
||
| 700 | 1 |
_aДворкин _bИ. Н. _gИзраиль Наумович |
|
| 801 | 0 |
_aRU _bNLR _gpsbo |
|
| 801 | 1 |
_aRU _bELAR _2rusmarc |
|
| 852 |
_aNLR _j61-6/4756 |
||
| 942 | _cBOOK | ||
| 980 | _aNB | ||